000 00580nam a2200193 a 4500
001 000041220
005 20201002034720.0
008 130926s2002 ck 000 0 spa d
020 _a9789562824859
040 _aDO-SdBNP
_bspa
_cBNPHU
082 _axxxx
_bxxxx
100 1 _aOyarzún, Luis,
_d1920-
_967799
245 1 0 _aNecesidades del arcoiris /
_cLuis Oyarzún ; prólogo Thomas Harris E.
260 _aSantiago de Chile :
_bLom,
_c2002.
300 _a270 p. ;
_c21 cm.
490 1 _aEntre mares
700 1 _aHarris E., Thomas,
_epról.
_946014
830 0 _aEntre mares
_967800
999 _c40710
_d40710